00365nam a2200121Ia 4500008004100000245010600041260001800147260000900165300000800174500001000182650001300192856003800205170516s9999 xx 000 0 und d aConcept PaperAn Evaluation of Intranasal Sufentanil and Dexmedetomidine for Pediatric Dental Sedation bPharmaceutics c2014 a6:1 aMarch xPharmacy uhttp://www.mdpi.com/1999-4923/6/1